Essential unity of all religions / (Record no. 1446)
[ view plain ]
| 000 -LEADER | |
|---|---|
| fixed length control field | 00452cam a2200181ua 4500 |
| 041 ## - LANGUAGE CODE | |
| Language code of text/sound track or separate title | eng |
| 082 ## - DEWEY DECIMAL CLASSIFICATION NUMBER | |
| Classification number | 200.1 |
| Item number | BHA/ES |
| 100 ## - MAIN ENTRY--AUTHOR NAME | |
| Personal name | Bhagavan, Das . |
| 245 ## - TITLE STATEMENT | |
| Title | Essential unity of all religions / |
| 250 ## - EDITION STATEMENT | |
| Edition statement | 6 / |
| 260 ## - PUBLICATION, DISTRIBUTION, ETC. (IMPRINT) | |
| Place of publication | Mumbai : |
| Name of publisher | Bharatiya Vidya Bhavan , |
| Year of publication | 1960. |
| 300 ## - PHYSICAL DESCRIPTION | |
| Number of Pages | 929 ; . |
| 942 ## - ADDED ENTRY ELEMENTS (KOHA) | |
| Koha item type | Books |
| Withdrawn status | Lost status | Damaged status | Home library | Current library | Date acquired | Full call number | Accession Number | Koha item type |
|---|---|---|---|---|---|---|---|---|
| Withdrawn | KAUAET | Sanskrit University | 07/04/2012 | 200.1 | 3409 | Books |
